| 000 | 01392nam a2200349Ia 4500 | ||
|---|---|---|---|
| 001 | ebr10404862 | ||
| 003 | CaPaEBR | ||
| 006 | m u | ||
| 007 | cr cn||||||||| | ||
| 008 | 100211s2010 mduo sb 001 0 eng d | ||
| 010 | _z 2010005351 | ||
| 020 | _z9780810876699 (hardback : alk. paper) | ||
| 020 | _z9780810876705 (ebook) | ||
| 040 |
_aCaPaEBR _cCaPaEBR |
||
| 035 | _a(OCoLC)680617231 | ||
| 050 | 1 | 4 |
_aGV954 _b.C368 2010eb |
| 082 | 0 | 4 |
_a796.332/640973 _222 |
| 100 | 1 |
_aCarr, Joe F., _dd. 1939. |
|
| 245 | 1 | 4 |
_aThe man who built the National Football League _h[electronic resource] / _cJoe F. Carr, Chris Willis. |
| 260 |
_aLanham : _bScarecrow Press, _c2010. |
||
| 300 |
_axviii, 461 p. : _bphotos. |
||
| 504 | _aIncludes bibliographical references and index. | ||
| 533 |
_aElectronic reproduction. _bPalo Alto, Calif. : _cebrary, _d2010. _nAvailable via World Wide Web. _nAccess may be limited to ebrary affiliated libraries. |
||
| 600 | 1 | 0 |
_aCarr, Joe F., _dd. 1939. |
| 610 | 2 | 0 |
_aNational Football League _xHistory _y20th century. |
| 650 | 0 |
_aFootball managers _zUnited States _xHistory _y20th century. |
|
| 650 | 0 | _aFootball. | |
| 655 | 7 |
_aElectronic books. _2local |
|
| 700 | 1 |
_aWillis, Chris, _d1970- |
|
| 710 | 2 | _aebrary, Inc. | |
| 856 | 4 | 0 |
_uhttp://site.ebrary.com/lib/rucke/Doc?id=10404862 _zAn electronic book accessible through the World Wide Web; click to view |
| 999 |
_c81779 _d81779 |
||